[Event "Borbecker Oster op 8th"]
[Site "Essen"]
[Date "2002.03.28"]
[Round "3.8"]
[White "Opalka, Guido"]
[Black "Sauerwald, Thomas"]
[Result "0-1"]
[WhiteElo "2201"]
[BlackElo "2068"]
[PlyCount "90"]
[EventDate "2002.03.27"]
[EventType "swiss"]
[EventRounds "9"]
[EventCountry "GER"]
[SourceTitle "CBM 087 Extra"]
[Source "ChessBase"]
[SourceDate "2002.05.03"]
[SourceVersion "2"]
[SourceVersionDate "2002.08.09"]
[SourceQuality "1"]

1. Nf3 c5 2. g3 g6 3. Bg2 Bg7 4. 0-0 Nc6 5. d3 Nf6 6. e4 0-0 7. Nbd2 d6 8. Nc4 Nd7 9. Nh4 b5 10. Ne3 Bb7 11. f4 Rc8 12. f5 c4 13. Ng4 cxd3 14. cxd3 Nde5 15. fxg6 hxg6 16. Bh3 Nxg4 17. Bxg4 Rc7 18. Be3 Ne5 19. Be2 Qb8 20. Qb3 d5 21. d4 Nc4 22. e5 Bc8 23. Bf4 Be6 24. Bd3 a6 25. Rf2 Qa7 26. Nf3 Rc6 27. Qb4 Bg4 28. Ne1 Qxd4 29. Rc1 Bxe5 30. b3 Bxf4 31. gxf4 Qe3 32. Rcc2 Re6 33. Be2 Nd6 34. Ng2 Qh3 35. f5 Re4 36. Qa5 Bxe2 37. Rcxe2 Rxe2 38. Rxe2 Rc8 39. fxg6 fxg6 40. Rxe7 Ne4 41. Rc7 Qf5 42. Rxc8+ Qxc8 43. Qe1 Qc5+ 44. Kf1 Qc2 45. Ne3 Qxh2 0-1

[Event "Bochum-ch"]
[Site "Bochum"]
[Date "2000.11.20"]
[Round "6"]
[White "Opalka, Guido"]
[Black "Kraus, Tanja"]
[Result "1-0"]
[WhiteElo "2221"]
[BlackElo "1748"]
[PlyCount "55"]
[EventDate "2000.10.09"]
[EventType "swiss"]
[EventRounds "9"]
[EventCountry "GER"]
[SourceTitle "EXT 2006"]
[Source "ChessBase"]
[SourceDate "2005.11.24"]
[SourceVersion "1"]
[SourceVersionDate "2005.11.24"]
[SourceQuality "1"]

1. Nf3 d5 2. g3 Nf6 3. Bg2 Bg4 4. 0-0 Nc6 5. c4 d4 6. d3 e5 7. b4 e4 8. dxe4 Nxe4 9. b5 Na5 10. Ne5 Bf5 11. g4 Bg6 12. f4 Bc5 13. Nd3 f5 14. gxf5 Bxf5 15. Bxe4 Bxe4 16. Nxc5 Bf5 17. e4 Bg6 18. Nd2 Qe7 19. Ba3 b6 20. Bb4 Qh4 21. Bxa5 bxa5 22. Qf3 0-0 23. Nd7 Rfd8 24. Ne5 Bh5 25. Qg3 Qe7 26. Nc6 Qc5 27. Nxd8 Rxd8 28. Qg5 1-0

[Event "Ruhrgebiet VL1 0001"]
[Site "Ruhrgebiet"]
[Date "2000.10.15"]
[Round "2"]
[White "Opalka, Guido"]
[Black "Walbaum, Klaus"]
[Result "1-0"]
[WhiteElo "2119"]
[BlackElo "2174"]
[PlyCount "95"]
[EventDate "2000.09.17"]
[EventType "team-tourn"]
[EventRounds "9"]
[EventCountry "GER"]
[SourceTitle "EXT 2023"]
[Source "ChessBase"]
[SourceDate "2022.10.05"]
[SourceVersion "1"]
[SourceVersionDate "2022.10.05"]
[SourceQuality "1"]
[WhiteTeam "Welper SV"]
[BlackTeam "Essen Ueberruhr"]
[WhiteTeamCountry "GER"]
[BlackTeamCountry "GER"]

1. Nf3 d5 2. g3 Nf6 3. Bg2 c6 4. 0-0 Bg4 5. d3 e6 6. Nbd2 Be7 7. b3 0-0 8. Bb2 Nbd7 9. c4 a5 10. a3 Qc7 11. Rc1 Rfc8 12. Rc2 Qd8 13. Qa1 Nc5 14. Rfc1 b5 15. cxb5 cxb5 16. Ne5 Bxe2 17. d4 Bd3 18. Rc3 b4 19. Rxc5 Bxc5 20. Rxc5 Rxc5 21. dxc5 Bb5 22. a4 Ba6 23. Ndf3 Ne8 24. Nd4 Qc7 25. Qe1 Qxc5 26. Nxf7 Nc7 27. Ne5 Re8 28. h4 Bc8 29. h5 h6 30. Qe3 Rf8 31. Ng6 Rf7 32. Qe5 Ne8 33. Bh3 Qd6 34. Nb5 Qc5 35. Bd4 Qc1+ 36. Kg2 Qd1 37. Bxe6 Qf3+ 38. Kh2 Bxe6 39. Qxe6 Qxh5+ 40. Kg1 Qd1+ 41. Kg2 Qf3+ 42. Kh2 Qh5+ 43. Nh4 Kh7 44. f4 Nf6 45. Nd6 Rc7 46. Bxf6 gxf6 47. Ne8 Rc2+ 48. Kh3 1-0

[Event "Ruhrgebiet VL,VK 9900 Relegation6"]
[Site "Ruhrgebiet"]
[Date "2000.06.25"]
[Round "?"]
[White "Opalka, Guido"]
[Black "Abtahi, Modjtaba"]
[Result "1-0"]
[WhiteElo "2138"]
[BlackElo "2006"]
[PlyCount "75"]
[EventDate "2000.??.??"]
[EventType "team-tourn"]
[EventRounds "3"]
[EventCountry "GER"]
[SourceTitle "EXT 2024"]
[Source "ChessBase"]
[SourceDate "2023.10.10"]
[SourceVersion "1"]
[SourceVersionDate "2023.10.10"]
[SourceQuality "1"]
[WhiteTeam "Welper SV"]
[BlackTeam "Recklinghausen Altstadt"]
[WhiteTeamCountry "GER"]
[BlackTeamCountry "GER"]

1. Nf3 Nf6 2. g3 g6 3. Bg2 Bg7 4. 0-0 c5 5. d3 0-0 6. e4 d6 7. Nc3 Nc6 8. h3 Rb8 9. a4 a6 10. Be3 e5 11. Qd2 Nd4 12. Ne1 Nh5 13. g4 Nf6 14. Bg5 Ne6 15. Be3 h5 16. f3 Bd7 17. Ne2 Bc6 18. c4 b5 19. axb5 axb5 20. b3 b4 21. Bh6 Kh7 22. Bxg7 Kxg7 23. Nc2 Ra8 24. Rxa8 Bxa8 25. Ne3 Rh8 26. Qb2 Nd4 27. f4 hxg4 28. hxg4 Rh4 29. fxe5 dxe5 30. Nxd4 exd4 31. Qf2 Nxg4 32. Qxf7+ Kh6 33. Nxg4+ Rxg4 34. Rf3 Qh4 35. Qf8+ Kh5 36. Rh3 Bxe4 37. Rxh4+ Kxh4 38. Qh6+ 1-0

[Event "Ruhrgebiet VL,VK 9900 Relegation6"]
[Site "Ruhrgebiet"]
[Date "2000.06.04"]
[Round "2"]
[White "Topolewski, Dirk"]
[Black "Opalka, Guido"]
[Result "1/2-1/2"]
[WhiteElo "2122"]
[BlackElo "2138"]
[PlyCount "66"]
[EventDate "2000.??.??"]
[EventType "team-tourn"]
[EventRounds "3"]
[EventCountry "GER"]
[SourceTitle "EXT 2024"]
[Source "ChessBase"]
[SourceDate "2023.10.10"]
[SourceVersion "1"]
[SourceVersionDate "2023.10.10"]
[SourceQuality "1"]
[WhiteTeam "Bochum Post"]
[BlackTeam "Welper SV"]
[WhiteTeamCountry "GER"]
[BlackTeamCountry "GER"]

1. e4 d6 2. d4 Nf6 3. Bd3 e5 4. Nf3 Nc6 5. c3 Bg4 6. d5 Ne7 7. h3 Bxf3 8. Qxf3 Ng6 9. Bg5 Be7 10. h4 h5 11. Bxf6 Bxf6 12. Bb5+ Ke7 13. g3 c6 14. dxc6 Qb6 15. cxb7 Qxb7 16. Qe2 Rhb8 17. Bc4 Qxb2 18. Qxb2 Rxb2 19. Bb3 Rc8 20. c4 Nf4 21. gxf4 exf4 22. Nd2 Rxb3 23. Nxb3 Bxa1 24. Nxa1 Rxc4 25. Kd2 Rd4+ 26. Kc3 Rxe4 27. Nc2 Kf6 28. Rd1 Ke5 29. Nd4 f6 30. Nc6+ Kf5 31. Nd4+ Ke5 32. Nc6+ Kf5 33. Nd4+ Ke5 1/2-1/2

[Event "Ruhrgebiet-ch"]
[Site "Muelheim"]
[Date "2000.05.12"]
[Round "5"]
[White "Hausrath, Daniel"]
[Black "Opalka, Guido"]
[Result "1-0"]
[WhiteElo "2446"]
[BlackElo "2210"]
[PlyCount "45"]
[EventDate "2000.05.??"]
[EventType "swiss"]
[EventRounds "7"]
[EventCountry "GER"]
[SourceTitle "EXT 2001"]
[Source "ChessBase"]
[SourceDate "2000.11.22"]
[SourceVersion "1"]
[SourceVersionDate "2000.11.22"]
[SourceQuality "1"]

1. Nf3 g6 2. e4 Bg7 3. d4 d6 4. Nc3 Nf6 5. Bf4 0-0 6. Qd2 Nc6 7. 0-0-0 Bg4 8. Be2 Bxf3 9. Bxf3 Nd7 10. Bh6 Bxd4 11. h4 Re8 12. h5 Nde5 13. Be2 Bxf2 14. Rdf1 Bd4 15. Nd5 Nd7 16. hxg6 hxg6 17. Qf4 Nce5 18. Bg7 f6 19. Qh6 Kf7 20. Qh7 Nf8 21. Bxf8+ Kxf8 22. Qh8+ Kf7 23. Rxf6+ 1-0

[Event "Ruhrgebiet-ch"]
[Site "Muelheim"]
[Date "2000.05.07"]
[Round "3"]
[White "Pusch, Hermann"]
[Black "Opalka, Guido"]
[Result "1/2-1/2"]
[WhiteElo "2173"]
[BlackElo "2210"]
[PlyCount "89"]
[EventDate "2000.05.??"]
[EventType "swiss"]
[EventRounds "7"]
[EventCountry "GER"]
[SourceTitle "EXT 2001"]
[Source "ChessBase"]
[SourceDate "2000.11.22"]
[SourceVersion "1"]
[SourceVersionDate "2000.11.22"]
[SourceQuality "1"]

1. e4 d6 2. Nc3 g6 3. Nf3 Bg7 4. Be2 e5 5. d4 Nc6 6. dxe5 dxe5 7. Bg5 f6 8. Qxd8+ Nxd8 9. Be3 c6 10. 0-0-0 Nh6 11. h3 Be6 12. g4 Nhf7 13. Bc5 b6 14. Nb5 Rc8 15. Nd6+ Nxd6 16. Bxd6 Nf7 17. Ba6 Rd8 18. Bb4 Rxd1+ 19. Rxd1 h5 20. Rg1 hxg4 21. hxg4 Rh3 22. Be2 c5 23. Bc3 Nd6 24. Nd2 Bh6 25. f3 Bc4 26. Kd1 Bxe2+ 27. Kxe2 Nb5 28. Nc4 Nxc3+ 29. bxc3 Rh2+ 30. Kd1 Kd7 31. g5 Bxg5 32. Nxe5+ Ke6 33. Nxg6 Rd2+ 34. Ke1 Rxc2 35. f4 Bh6 36. Rg3 Rxa2 37. Rh3 Bg7 38. Rd3 f5 39. e5 Kf7 40. Nh4 Bh6 41. Rd7+ Ke8 42. e6 Ra4 43. Kd1 Re4 44. Nxf5 Rxe6 45. Rxa7 1/2-1/2

[Event "NRW-ch"]
[Site "Oberhausen"]
[Date "1999.10.15"]
[Round "7"]
[White "Opalka, Guido"]
[Black "Heinzel, Olaf"]
[Result "0-1"]
[WhiteElo "2237"]
[BlackElo "2305"]
[PlyCount "124"]
[EventDate "1999.10.09"]
[EventType "tourn"]
[EventRounds "9"]
[EventCountry "GER"]
[EventCategory "1"]
[SourceTitle "EXT 2004"]
[Source "ChessBase"]
[SourceDate "2003.11.25"]
[SourceVersion "1"]
[SourceVersionDate "2003.11.25"]
[SourceQuality "1"]

1. Nf3 d5 2. g3 Nf6 3. Bg2 Bf5 4. 0-0 e6 5. d3 h6 6. Nbd2 Be7 7. b3 0-0 8. Bb2 a5 9. a4 Na6 10. Ne1 Nc5 11. e3 c6 12. Qe2 Re8 13. h3 Bg6 14. f4 b5 15. axb5 cxb5 16. d4 Nce4 17. Nxe4 Nxe4 18. Bxe4 Bxe4 19. Qxb5 Qc7 20. Qe2 Rec8 21. Rf2 Bb4 22. Nd3 Bc3 23. Rc1 a4 24. bxa4 Rxa4 25. Bxc3 Qxc3 26. Nc5 Ra3 27. Nxe4 dxe4 28. Re1 Ra2 29. Rc1 Qa3 30. Qd2 Rc3 31. Re2 Qa5 32. Kf2 Raa3 33. Qe1 Qh5 34. Qh1 f5 35. Rd1 Ra2 36. Rc1 Kf8 37. Rd2 Ke7 38. h4 Kd6 39. Qg2 Qg4 40. Qh1 Kd5 41. Qg2 g5 42. fxg5 hxg5 43. hxg5 Qxg5 44. Re2 Qh5 45. Rd2 Rb2 46. g4 Qh4+ 47. Kf1 fxg4 48. Kg1 Rb8 49. Rd3 Rbc8 50. Rxc3 Rxc3 51. Ra1 Rxe3 52. c4+ Kc6 53. d5+ exd5 54. cxd5+ Kd7 55. Ra7+ Kd6 56. Ra6+ Ke5 57. Qb2+ Kf5 58. Qf2+ Qxf2+ 59. Kxf2 Rd3 60. d6 Kf4 61. Ra8 Rd2+ 62. Ke1 Rxd6 0-1

[Event "NRW-ch"]
[Site "Oberhausen"]
[Date "1999.10.13"]
[Round "5"]
[White "Opalka, Guido"]
[Black "Voge, Andreas"]
[Result "1/2-1/2"]
[WhiteElo "2237"]
[BlackElo "2052"]
[PlyCount "106"]
[EventDate "1999.10.09"]
[EventType "tourn"]
[EventRounds "9"]
[EventCountry "GER"]
[EventCategory "1"]
[SourceTitle "EXT 2004"]
[Source "ChessBase"]
[SourceDate "2003.11.25"]
[SourceVersion "1"]
[SourceVersionDate "2003.11.25"]
[SourceQuality "1"]

1. e4 c5 2. Nf3 Nc6 3. Bb5 Qb6 4. Ba4 d6 5. 0-0 Nf6 6. Re1 Bd7 7. c3 g6 8. d4 Bg7 9. e5 dxe5 10. dxe5 Ng4 11. h3 Nh6 12. c4 Rd8 13. Nc3 Be6 14. Qe2 0-0 15. Bxc6 Qxc6 16. g4 Bxc4 17. Qxc4 Qxf3 18. Re3 Qc6 19. Rd3 Kh8 20. Rxd8 Rxd8 21. Bxh6 Bxh6 22. Qxf7 Rf8 23. Qd5 Qb6 24. Qb3 Qc6 25. Qd5 Qb6 26. Ne4 Qxb2 27. Rf1 Qa3 28. Qb3 Qxb3 29. axb3 Rc8 30. Rd1 b5 31. g5 Bf8 32. Kf1 Kg8 33. Rd5 c4 34. Rxb5 c3 35. Rc5 Rxc5 36. Nxc5 c2 37. Nd3 Kf7 38. Ke2 Ke6 39. Kd2 Kf5 40. f4 e6 41. Kxc2 h6 42. h4 Kg4 43. Kd2 Kxh4 44. gxh6 Bxh6 45. Ke3 Kg4 46. Ke4 Bf8 47. b4 Be7 48. Nc5 a5 49. Nxe6 Bxb4 50. Nc7 a4 51. Nd5 Bf8 52. Ne3+ Kg3 53. f5 gxf5+ 1/2-1/2

[Event "NRW-ch"]
[Site "Oberhausen"]
[Date "1999.10.11"]
[Round "3"]
[White "Opalka, Guido"]
[Black "Sielecki, Christof"]
[Result "0-1"]
[WhiteElo "2237"]
[BlackElo "2414"]
[PlyCount "68"]
[EventDate "1999.10.09"]
[EventType "tourn"]
[EventRounds "9"]
[EventCountry "GER"]
[EventCategory "1"]
[SourceTitle "EXT 2004"]
[Source "ChessBase"]
[SourceDate "2003.11.25"]
[SourceVersion "1"]
[SourceVersionDate "2003.11.25"]
[SourceQuality "1"]

1. Nf3 d5 2. g3 g6 3. Bg2 Bg7 4. 0-0 e5 5. d3 Ne7 6. Nbd2 0-0 7. e4 Nbc6 8. b3 a5 9. a3 dxe4 10. dxe4 b6 11. Bb2 Ba6 12. Re1 Qc8 13. Ra2 h6 14. Qa1 Qe6 15. Nf1 a4 16. N1d2 Rfd8 17. b4 Rac8 18. h4 Nd4 19. Nxd4 exd4 20. Kh2 c5 21. Bh3 Qc6 22. Bxc8 Bxc8 23. c4 b5 24. bxc5 bxc4 25. Nxc4 Qxc5 26. Rc1 Be6 27. Nd2 Qb5 28. Rf1 Rb8 29. Rb1 Qe2 30. Bxd4 Rxb1 31. Qxb1 Bxa2 32. Qb8+ Kh7 33. Bxg7 Qxf2+ 34. Kh3 Be6+ 0-1

[Event "NRW-ch"]
[Site "Oberhausen"]
[Date "1999.10.09"]
[Round "1"]
[White "Schischke, Reinhard"]
[Black "Opalka, Guido"]
[Result "1/2-1/2"]
[WhiteElo "2291"]
[BlackElo "2237"]
[PlyCount "45"]
[EventDate "1999.10.09"]
[EventType "tourn"]
[EventRounds "9"]
[EventCountry "GER"]
[EventCategory "1"]
[SourceTitle "EXT 2004"]
[Source "ChessBase"]
[SourceDate "2003.11.25"]
[SourceVersion "1"]
[SourceVersionDate "2003.11.25"]
[SourceQuality "1"]

1. Nf3 d6 2. d4 Nf6 3. Bg5 Nbd7 4. Nc3 h6 5. Bxf6 Nxf6 6. e4 Bg4 7. h3 Bxf3 8. Qxf3 e5 9. Bc4 c6 10. 0-0-0 Qb8 11. dxe5 dxe5 12. Qf5 Be7 13. f4 exf4 14. e5 g6 15. Qxf4 Nd5 16. Qe4 Ne3 17. h4 Nxc4 18. Qxc4 Qc8 19. h5 gxh5 20. Rxh5 Qe6 21. Qxe6 fxe6 22. Rdh1 0-0-0 23. Kb1 1/2-1/2

[Event "Dortmund op-A"]
[Site "Dortmund"]
[Date "1999.07.13"]
[Round "5"]
[White "Zumsande, Martin"]
[Black "Opalka, Guido"]
[Result "1-0"]
[WhiteElo "2315"]
[BlackElo "2237"]
[PlyCount "89"]
[EventDate "1999.07.??"]
[EventType "swiss"]
[EventRounds "10"]
[EventCountry "GER"]
[SourceTitle "EXT 2002"]
[Source "ChessBase"]
[SourceDate "2001.11.25"]
[SourceVersion "1"]
[SourceVersionDate "2001.11.25"]
[SourceQuality "1"]

1. e4 d6 2. d4 Nf6 3. Nc3 g6 4. f4 Bg7 5. Nf3 c5 6. Bb5+ Bd7 7. e5 Ng4 8. Bxd7+ Qxd7 9. d5 dxe5 10. h3 e4 11. Nxe4 Nf6 12. Nxf6+ Bxf6 13. 0-0 Qd6 14. c4 Nd7 15. Qe2 0-0-0 16. Be3 Rhe8 17. Qf2 Bh8 18. Ng5 Qf6 19. Rab1 Kb8 20. b4 cxb4 21. Bxa7+ Ka8 22. Rxb4 b6 23. Bxb6 Nxb6 24. Rxb6 Qd4 25. Ra6+ Kb7 26. Rc6 Rd6 27. Rb1+ Ka8 28. Nf3 Qxf2+ 29. Kxf2 Rxc6 30. dxc6 Rc8 31. Rb6 Ka7 32. c5 Rb8 33. Rxb8 Kxb8 34. Ke3 Kc7 35. Kd3 f6 36. Kc4 e5 37. fxe5 fxe5 38. Kd5 e4 39. Kxe4 Kxc6 40. Ng5 Kxc5 41. Nxh7 Kd6 42. Nf8 Bc3 43. Nxg6 Ke6 44. Nf4+ Kf7 45. Kf5 1-0

[Event "Dortmund op-A"]
[Site "Dortmund"]
[Date "1999.07.11"]
[Round "3"]
[White "Opalka, Guido"]
[Black "Orth, Roman"]
[Result "1-0"]
[WhiteElo "2237"]
[BlackElo "2100"]
[PlyCount "97"]
[EventDate "1999.07.??"]
[EventType "swiss"]
[EventRounds "10"]
[EventCountry "GER"]
[SourceTitle "EXT 2002"]
[Source "ChessBase"]
[SourceDate "2001.11.25"]
[SourceVersion "1"]
[SourceVersionDate "2001.11.25"]
[SourceQuality "1"]

1. Nf3 Nf6 2. g3 g6 3. Bg2 Bg7 4. 0-0 0-0 5. d3 d5 6. Nbd2 c5 7. e4 Nc6 8. exd5 Nxd5 9. Nb3 Qd6 10. Nfd2 b6 11. Qf3 e6 12. c4 Nde7 13. Ne4 Qe5 14. d4 cxd4 15. Bf4 Qf5 16. g4 Ne5 17. gxf5 Nxf3+ 18. Bxf3 gxf5 19. Ned2 Ba6 20. Bxa8 Rxa8 21. Bd6 Ng6 22. a4 Rd8 23. Bc7 Rc8 24. a5 Bb7 25. axb6 axb6 26. Bd6 e5 27. Ra7 Bc6 28. Rc7 Rxc7 29. Bxc7 Nf4 30. Ra1 Nd3 31. Ra6 Bf8 32. Rxb6 Ba4 33. Bd6 Bxd6 34. Rxd6 Kf8 35. Ra6 Nxb2 36. Nc5 Be8 37. Ra1 e4 38. Kf1 Ke7 39. Ke1 Kd6 40. Ra2 Nxc4 41. Nb7+ Kd5 42. Nxc4 Kxc4 43. Nd6+ Kb3 44. Rd2 Bd7 45. Rxd4 Be6 46. Kd2 h6 47. Ke3 Kc3 48. Nb5+ Kb3 49. Kf4 1-0

[Event "Dortmund op-A"]
[Site "Dortmund"]
[Date "1999.07.09"]
[Round "1"]
[White "Opalka, Guido"]
[Black "Schiappacasse, Marcello"]
[Result "1-0"]
[WhiteElo "2237"]
[BlackElo "2011"]
[PlyCount "69"]
[EventDate "1999.07.??"]
[EventType "swiss"]
[EventRounds "10"]
[EventCountry "GER"]
[SourceTitle "EXT 2002"]
[Source "ChessBase"]
[SourceDate "2001.11.25"]
[SourceVersion "1"]
[SourceVersionDate "2001.11.25"]
[SourceQuality "1"]

1. Nf3 Nf6 2. g3 d5 3. Bg2 c6 4. 0-0 Bg4 5. d3 Nbd7 6. Nbd2 e5 7. e4 dxe4 8. dxe4 Bc5 9. Qe1 0-0 10. Nc4 Qc7 11. b4 Be6 12. Ne3 Bxe3 13. Qxe3 a5 14. bxa5 Rxa5 15. a3 Rc5 16. Ne1 Ra8 17. f4 Ng4 18. Qe2 Qb6 19. Kh1 exf4 20. gxf4 Ndf6 21. e5 Bc4 22. Nd3 Re8 23. Qd1 Bxd3 24. cxd3 Nxe5 25. fxe5 Rcxe5 26. Ra2 Nd5 27. Bxd5 cxd5 28. Rg2 g6 29. Bf4 R5e6 30. Bg3 Qa6 31. Qf3 Qb5 32. Qxf7+ Kh8 33. Be5+ Rxe5 34. Qf6+ Kg8 35. Rxg6+ 1-0

[Event "Ruhrgebiet-ch"]
[Site "Germany"]
[Date "1999.06.13"]
[Round "?"]
[White "Opalka, Guido"]
[Black "Wegener, Olaf"]
[Result "1/2-1/2"]
[WhiteElo "2246"]
[BlackElo "2230"]
[PlyCount "62"]
[EventDate "1999.??.??"]
[EventType "swiss"]
[EventRounds "7"]
[EventCountry "GER"]
[SourceTitle "EXT 2002"]
[Source "ChessBase"]
[SourceDate "2001.11.25"]
[SourceVersion "1"]
[SourceVersionDate "2001.11.25"]
[SourceQuality "1"]

1. Nf3 Nf6 2. g3 d5 3. Bg2 Bf5 4. 0-0 e6 5. d3 h6 6. Nbd2 Be7 7. b3 0-0 8. Bb2 c6 9. c4 a5 10. a3 Na6 11. Ra2 Qb6 12. Qa1 Rfd8 13. Bc3 Ne8 14. Rb1 Bc5 15. Bd4 Bxd4 16. Nxd4 Bg4 17. N4f3 Bxf3 18. Bxf3 Nac7 19. b4 axb4 20. axb4 Rxa2 21. Qxa2 Ra8 22. Qb3 Ra6 23. b5 Ra8 24. bxc6 Qxb3 25. Nxb3 bxc6 26. Nd4 c5 27. Nb3 Rb8 28. cxd5 exd5 29. Nd2 Rxb1+ 30. Nxb1 Kf8 31. Nc3 Nf6 1/2-1/2

[Event "Ruhrgebiet-ch"]
[Site "Germany"]
[Date "1999.06.12"]
[Round "?"]
[White "Kilian, Ralf"]
[Black "Opalka, Guido"]
[Result "1/2-1/2"]
[WhiteElo "2279"]
[BlackElo "2246"]
[PlyCount "145"]
[EventDate "1999.??.??"]
[EventType "swiss"]
[EventRounds "7"]
[EventCountry "GER"]
[SourceTitle "EXT 2002"]
[Source "ChessBase"]
[SourceDate "2001.11.25"]
[SourceVersion "1"]
[SourceVersionDate "2001.11.25"]
[SourceQuality "1"]

1. e4 d6 2. d4 Nf6 3. Nc3 g6 4. Nf3 Bg7 5. h3 0-0 6. Bc4 Nxe4 7. Nxe4 d5 8. Bd3 dxe4 9. Bxe4 c5 10. dxc5 Qa5+ 11. c3 Qxc5 12. 0-0 Qc7 13. Be3 Bd7 14. Qb3 Bc6 15. Qc4 b5 16. Qc5 Qb7 17. Bxc6 Nxc6 18. Rfd1 Rfc8 19. Qd5 Rab8 20. Bf4 e6 21. Qd6 Rd8 22. Qc5 Rbc8 23. Qe3 b4 24. cxb4 Nxb4 25. Rxd8+ Rxd8 26. Qb3 Qe4 27. Bd2 Nc6 28. Re1 Qd3 29. Qxd3 Rxd3 30. Rc1 Rd6 31. b4 a6 32. a4 Bf6 33. b5 axb5 34. axb5 Ne7 35. Rb1 Nd5 36. Ba5 Kf8 37. b6 Rd8 38. b7 Rb8 39. Nd2 Ke8 40. Nc4 Kd7 41. Nb6+ Nxb6 42. Rxb6 Bd8 43. Rb5 Bxa5 44. Rxa5 Rxb7 45. h4 h5 46. g3 Ke7 47. Kg2 Kf6 48. Ra3 Rb6 49. Rc3 e5 50. Ra3 Kf5 51. Kf3 f6 52. Ke3 Rb1 53. Rc3 Rb4 54. Ra3 g5 55. hxg5 fxg5 56. Kf3 h4 57. Kg2 Rg4 58. Ra8 Rb4 59. Rf8+ Ke4 60. Rg8 hxg3 61. Rxg5 gxf2 62. Kxf2 Kd5 63. Rg3 Rb2+ 64. Ke1 Kd4 65. Rh3 e4 66. Ra3 Ke5 67. Rh3 Rg2 68. Kf1 Rg4 69. Ke2 Kf4 70. Ra3 Rg2+ 71. Kf1 Rh2 72. Ke1 e3 73. Ra8 1/2-1/2

[Event "Kleve op"]
[Site "Kleve"]
[Date "1999.05.16"]
[Round "7"]
[White "Heidel, Andre Nicolas"]
[Black "Opalka, Guido"]
[Result "1-0"]
[WhiteElo "2085"]
[BlackElo "2246"]
[PlyCount "71"]
[EventDate "1999.05.??"]
[EventType "swiss"]
[EventRounds "7"]
[EventCountry "GER"]
[SourceTitle "CBM 070 Extra"]
[Source "ChessBase"]
[SourceDate "1999.07.10"]
[SourceVersion "1"]
[SourceVersionDate "1999.07.10"]
[SourceQuality "1"]

1. Nf3 d6 2. d4 Nf6 3. Nc3 g6 4. e4 Bg7 5. Be2 0-0 6. Bg5 b6 7. 0-0 Bb7 8. Bxf6 Bxf6 9. e5 Bg7 10. e6 fxe6 11. Ng5 Qd7 12. Bg4 Rf5 13. Bxf5 exf5 14. Re1 b5 15. Qe2 b4 16. Qc4+ d5 17. Qxb4 c5 18. Qxc5 Bf6 19. Ne6 Na6 20. Qb5 Qxb5 21. Nxb5 Nb4 22. Re2 Rb8 23. c3 Ba6 24. a4 Nd3 25. Rd1 Rxb5 26. axb5 Bxb5 27. Red2 Bd7 28. Nc5 Nxc5 29. dxc5 e6 30. Ra1 Kf7 31. Rxa7 Ke8 32. Rd4 Be7 33. Ra8+ Kf7 34. Rb4 Bxc5 35. Rb7 Ke7 36. b4 1-0

[Event "Kleve op"]
[Site "Kleve"]
[Date "1999.05.14"]
[Round "3"]
[White "Opalka, Guido"]
[Black "Podzielny, Karl Heinz"]
[Result "1/2-1/2"]
[WhiteElo "2246"]
[BlackElo "2499"]
[PlyCount "112"]
[EventDate "1999.05.??"]
[EventType "swiss"]
[EventRounds "7"]
[EventCountry "GER"]
[SourceTitle "CBM 070 Extra"]
[Source "ChessBase"]
[SourceDate "1999.07.10"]
[SourceVersion "1"]
[SourceVersionDate "1999.07.10"]
[SourceQuality "1"]

1. Nf3 d5 2. g3 Nf6 3. Bg2 Bg4 4. 0-0 Nbd7 5. d3 e6 6. Nbd2 Bc5 7. b3 0-0 8. Bb2 Qe7 9. a3 a5 10. c4 c6 11. Ra2 e5 12. e4 dxe4 13. dxe4 Rad8 14. Qa1 Rfe8 15. Bc3 Bxf3 16. Bxf3 b6 17. Rb1 Nf8 18. b4 Bd4 19. Bxd4 Rxd4 20. bxa5 bxa5 21. Nb3 Rd3 22. Be2 Rd7 23. Nxa5 Nxe4 24. Bf3 Nd2 25. Bxc6 Nxb1 26. Bxd7 Qxd7 27. Qxb1 e4 28. Qe1 Ne6 29. Qxe4 Ng5 30. Qb1 Nf3+ 31. Kg2 Ne1+ 32. Kg1 Qh3 33. f4 Nf3+ 34. Kf2 Nd4 35. Kg1 h5 36. Qf1 Nf3+ 37. Kf2 Qg4 38. h3 Qf5 39. Kxf3 Qxa5 40. Re2 Qxa3+ 41. Kg2 Qa8+ 42. Kh2 Rd8 43. Qg2 Qb8 44. h4 Qc8 45. Rc2 Qc5 46. Qf2 Rd4 47. Qe3 f6 48. Rb2 Rxc4 49. Rb8+ Kh7 50. Qd3+ f5 51. Qd1 Kg6 52. Rh8 Rd4 53. Qxh5+ Kf6 54. Qg5+ Kf7 55. Qh5+ Kf6 56. Qg5+ Kf7 1/2-1/2

[Event "Ruhrgebiet VK3 9899"]
[Site "Ruhrgebiet"]
[Date "1999.03.??"]
[Round "?"]
[White "Althoff, Guntram"]
[Black "Opalka, Guido"]
[Result "0-1"]
[WhiteElo "2185"]
[BlackElo "2246"]
[PlyCount "76"]
[EventDate "1998.??.??"]
[EventType "team"]
[EventRounds "9"]
[EventCountry "GER"]
[SourceTitle "EXT 2002"]
[Source "ChessBase"]
[SourceDate "2001.11.25"]
[SourceVersion "1"]
[SourceVersionDate "2001.11.25"]
[SourceQuality "1"]

1. b4 d6 2. Bb2 Nd7 3. Nf3 Ngf6 4. c4 g6 5. Qb3 Bg7 6. d4 0-0 7. Nbd2 Qe8 8. e3 e5 9. d5 a5 10. a3 Nb6 11. b5 Nbd7 12. e4 Bh6 13. a4 Nc5 14. Qc2 Nh5 15. Ba3 f5 16. Bxc5 dxc5 17. Bd3 Nf4 18. g3 Nh3 19. Rf1 f4 20. 0-0-0 Bg4 21. Be2 g5 22. Nb3 fxg3 23. fxg3 Bxf3 24. Nxc5 g4+ 25. Kb1 Qg6 26. Bxf3 Rxf3 27. Ne6 Qf7 28. Rxf3 gxf3 29. c5 Ng5 30. Qc4 f2 31. Rf1 Re8 32. Nxg5 Bxg5 33. Qe2 Rf8 34. h4 Be7 35. Qc4 Kg7 36. Qc3 Qf3 37. Qxe5+ Bf6 38. Qxc7+ Rf7 0-1

[Event "Recklinghausen op"]
[Site "Recklinghausen"]
[Date "1999.??.??"]
[Round "7"]
[White "Opalka, Guido"]
[Black "Iuldachev, Saidali"]
[Result "1/2-1/2"]
[WhiteElo "2235"]
[BlackElo "2490"]
[PlyCount "150"]
[EventDate "1999.??.??"]
[EventType "swiss"]
[EventRounds "9"]
[EventCountry "GER"]
[SourceTitle "EXT 2000"]
[Source "ChessBase"]
[SourceDate "1999.11.16"]
[SourceVersion "1"]
[SourceVersionDate "1999.11.16"]
[SourceQuality "1"]

1. Nf3 Nf6 2. g3 d5 3. Bg2 c6 4. 0-0 Bf5 5. d3 e6 6. Nbd2 Be7 7. b3 0-0 8. Bb2 h6 9. c4 a5 10. a3 Bh7 11. Ra2 Na6 12. Qa1 Nc5 13. Bc3 Qb6 14. b4 axb4 15. axb4 Rxa2 16. Qxa2 Na6 17. Qa5 Qxa5 18. bxa5 c5 19. Rb1 Nb4 20. Nb3 Na2 21. Bxf6 gxf6 22. Nfd2 Nc3 23. Re1 b6 24. axb6 Rb8 25. cxd5 exd5 26. Nb1 Na4 27. Bxd5 Nxb6 28. Nc3 Bd6 29. Be4 f5 30. Bf3 c4 31. Nc1 f4 32. Be4 f5 33. Bd5+ Kh8 34. dxc4 fxg3 35. hxg3 f4 36. gxf4 Bxf4 37. e3 Be5 38. N1e2 Nxd5 39. Nxd5 Rg8+ 40. Ng3 h5 41. f4 Bd6 42. Kf2 h4 43. Nh5 Be4 44. Ndf6 Rg2+ 45. Kf1 Bf3 46. Rd1 Bxd1 47. Kxg2 Be2 48. Kh3 Bxc4 49. Kxh4 Bd3 50. Kg5 Ba3 51. e4 Bxe4 52. Nxe4 Bc1 53. Kg6 Bxf4 54. Nhf6 Be5 55. Nd7 Bf4 56. Nf8 Kg8 57. Ne6 Bg5 58. Ng3 Bh4 59. Nf5 Bg5 60. Nd6 Be7 61. Nf7 Bg5 62. Ne5 Bf6 63. Nd7 Be7 64. Nd4 Bf6 65. Nf5 Bg5 66. Ng7 Be7 67. Ne6 Bg5 68. Ndc5 Be7 69. Ng7 Bg5 70. Ne4 Be7 71. Nf5 Bg5 72. Nxg5 Kh8 73. Ne6 Kg8 74. Nfg7 Kh8 75. Kf6 Kh7 1/2-1/2